000 00608nam a2200205Ia 4500
003 GCL
008 140319s9999 xx 000 0 ara d
040 _aGCL /
_cGCL
082 0 4 _a813.02
_bا ا
100 1 _aاحمد حسن سعد
245 1 0 _aافكار للسينما /
_cاحمد حسن سعد
300 _a112 ص
490 _aالهيئة العامة للاستعلامات
_v0
650 0 4 _aالادب العربى
650 0 4 _aالقصص الاجتماعية
650 0 4 _aالقصة العربية
650 0 4 _aالقصة القصيرة
650 0 4 _aالسينما
942 _2ddc
_cBK
999 _c51664
_d51664